The Chicago manual of style.

Guardat en:
Dades bibliogràfiques
Format: Llibre
Publicat: Chicago, USA: University of Chicago Press, 1993.
Edició:15th edition
Matèries:
Etiquetes: Afegir etiqueta
Sense etiquetes, Sigues el primer a etiquetar aquest registre!

MARC

LEADER 00000cam a2200000 a 4500
001 UCC5043
003 CL-VaPUC
005 20220915101810.0
008 220830t2003 ||||| |||| 00| 0 eng d
999 |c 438584  |d 438582 
020 |a 0-226-10403-6 
040 |c Pontificia Universidad Católica de Valparaíso 
082 0 4 |a 808.027973 CHI 2003  |2 21 
245 1 4 |a The Chicago manual of style. 
250 |a 15th edition 
260 |a Chicago, USA:  |b University of Chicago Press,  |c 1993. 
300 |a 956 páginas. 
500 |a c.1. Donación Escuela Agronomía. Memo Cur 25/07/2022. 
583 |a last modification  |c 20180913 22:58:00  |k Catalogador Asistente 
650 0 |a Retórica   |9 266620 
650 0 |a Redacción de textos  |9 446760  |v Manuales  
650 0 |a Producción de textos  |9 554451 
650 0 |a Comunicación escrita  |9 345084  |v Manuales 
942 |c BK  |2 ddc 
952 |0 0  |1 0  |2 ddc  |4 0  |6 808_027973000000000_CHI_2003  |7 0  |8 A  |9 586531  |a BIBAGR  |b BIBAGR  |c GEN  |d 2022-08-30  |e Donación  |i 5654530  |l 1  |o 808.027973 CHI 2003  |p 5654530  |r 2025-01-20  |s 2022-10-25  |t 1  |w 2022-08-30  |y BK  |k AGR